000 00399nam a22001697a 4500
003 koha_MIRAKIL
005 20241018142927.0
008 231213b |||||||| |||| 00| 0 ||| d
040 _aTR-IsEVY
_btur
_cTR-IsEVY
082 _a581.4 STE
100 _aSTERLING, KRISTIN.
245 0 _aEXPLORING SEEDS.
260 _bLerner,
_c2012
300 _a23.
650 _aİngiliz Dili.
942 _2ddc
_cBK
999 _c5650
_d5650